The Human achievement : (Record no. 3561)

MARC details
000 -LEADER
fixed length control field 00706nam a22002052 4500
001 - CONTROL NUMBER
control field 0000012153
005 - DATE AND TIME OF LATEST TRANSACTION
control field 20151217145855.0
008 - FIXED-LENGTH DATA ELEMENTS--GENERAL INFORMATION
fixed length control field 090211s xx 000 0 eng d
040 ## - CATALOGING SOURCE
Original cataloging agency KABU
Transcribing agency KABU
100 1# - MAIN ENTRY--PERSONAL NAME
Personal name Petrovich, Michael B.
-- 0000168367
245 14 - TITLE STATEMENT
Title The Human achievement :
Remainder of title with selected materials from The Past that lives today by Becker, Painter, and Han /
Statement of responsibility, etc. Michael B. Petrovich, Philip D. Curtin.
250 ## - EDITION STATEMENT
Edition statement 1st ed.
260 ## - PUBLICATION, DISTRIBUTION, ETC. (IMPRINT)
Place of publication, distribution, etc. Morristown, NJ. :
Name of publisher, distributor, etc. Silver Burdett,
Date of publication, distribution, etc. 1970.
300 ## - PHYSICAL DESCRIPTION
Extent 805 p.
650 #0 - SUBJECT ADDED ENTRY--TOPICAL TERM
Topical term or geographic name as entry element World history.
-- 0000152969
700 1# - ADDED ENTRY--PERSONAL NAME
Personal name Curtin, Philip D.
-- 0000168368
852 1# - LOCATION
-- p500 KES
908 ## - PUT COMMAND PARAMETER (RLIN)
Put command parameter 090211
950 ## - LOCAL HOLDINGS (RLIN)
-- 1
Holdings
Withdrawn status Lost status Source of classification or shelving scheme Not for loan Home library Current library Date acquired Total Checkouts Total Renewals Full call number Barcode Date last seen Date last checked out Price effective from Koha item type
    Library of Congress Classification   Kabarak, Main Campus Kabarak, Main Campus 17/12/2015 4 2 D21 .P48 1970 c. 1 16559 28/11/2019 14/11/2019 17/12/2015 General Collection
Designed with assistance from East African Informatics Ltd